000 00968nam a2200253 i 4500
001 50324
003 ES-MaACL
005 20250328192656.0
007 t|
008 030804s1949 sp ||||1| spa d
100 1 _aCruz Rueda, Angel.
_941847
245 1 0 _aArmando Palacio Valdés
_b: su vida y su obra /
_cAngel Cruz Rueda.
250 _a2ª ed., aum.
260 _aMadrid :
_bSaeta,
_c1949 (
_fTalleres Gráficos Montaña)
300 _a221 p. :
_b1 retr. biog. ;
_c21 cm.
510 _aCCPB,
_c000303125-X.
600 1 4 _aPalacio Valdés, Armando,
_d1853-1938
_988382
650 4 _910574
_aBiografías
852 _aES-MaACL
_jD-6298
_bR.30339
_bR.M.5893
_952239
_cSVI
_fSello en tinta azul de la Biblioteca del Ateneo de Madrid.
_z"2.DIC.1950"
942 _2udc
_cMONOGRAFIA
999 _c50324
_d50324